00871nam a2200229 4500999001900000005001700019010001500036020002600051035001400077037001300091082001200104245012000116260005200236270008200288300002000370500005000390700001800440700001600458700002100474942002600495952012000521 c164623d16462320190523143925.0 aENG-125285 c800.00a9788182204973 aEN-108817 bDBAD/PUB a305.309 aGender mainstreaming :ced. by Sarfraz khan, Yasir Saeed [and] Hafeez-ur-Rehmanban analysis of Pakistani society / aNew DelhibGlobal Vision Publishing Housec2012 a20, Ansari RoadbDaryaganj, New Delhie110002k23261581mnsingh_2004@vsnl.net a185p.c22cm(Hb) aIncludes bibliographical references and index aSarfaraz Khan aYasir Saeed aHafeez-ur-Rehman 2ddccENh305.309mGEN 001040708NFICaLbLd2019-05-23eDBAD/PUBg800.00l0o305.309 GENpEN-108817r2019-05-23 00:00:00t1v800.00yEN